00471nam a2200181 a 450000100060000000300090000600800410001502000150005604000280007108200160009910000360011524500270015125000060017826000440018430000110022849000260023965000240026511217CO-ViMGA141112s2004 ck r 000 u spa d a9800103333 aCO-ViMGAbspacCO-ViMGA04aV863.5 U71s1 aUrbaneja Achelpolh, Luis Manuel10aSelección de cuentos a3 aCaracas, cMonte Avila editores, c1990 a170 p. aColección el dorado14aCUENTOS VENEZOLANOS